000 01000nmc a2200337 a 4500
003 AR-BaBNM
005 20251128204527.0
008 011101s1993 ||||||||||||||000 | spa||
020 _a950-16-3065-X
040 _cAR-BaBNM
100 1 _aGómez, Germán Rafael
245 1 0 _aUna aventura matemática
_bun enfoque psicogenético para la escuela media
260 _aBuenos Aires
_bTroquel
_c1993
300 0 _a187 p.
_bil., tablas, gráfs.
490 0 _aTroquel educación
500 0 _aContiene referencias
650 4 _aENSENANZA DE LAS MATEMATICAS
650 4 _aFILOSOFIA DE LA EDUCACION
650 4 _aCONCEPTOS MATEMATICOS
650 4 _aMETODOS DE ENSENANZA
650 4 _aECUACIONES
650 4 _aENSENANZA DE LA ESTADISTICA
650 4 _aTEORIA DE LAS PROBABILIDADES
650 4 _aTEORIA DE LOS JUEGOS
650 4 _aPENSAMIENTO LOGICO
650 4 _aRAZONAMIENTO ABSTRACTO
653 _aCONSTRUCTIVISMO
653 _aEDUCACION SECUNDARIA
942 _cBK
998 _cGrace
999 _c7787
_d7787